[Event "BRA-ch U2000 Amateurs"]
[Site "Sao Paulo"]
[Date "2022.06.19"]
[Round "7"]
[White "Kruger, Israel"]
[Black "Lima, Ivan Varga"]
[Result "1-0"]
[WhiteElo "1873"]
[BlackElo "1680"]
[PlyCount "133"]
[EventDate "2022.06.16"]
[EventType "swiss"]
[EventRounds "7"]
[EventCountry "BRA"]
[SourceTitle "CBM 208 Extra"]
[Source "ChessBase"]
[SourceDate "2022.07.31"]
[SourceVersion "1"]
[SourceVersionDate "2022.07.31"]
[SourceQuality "1"]

1. e4 c5 2. Nf3 e6 3. Nc3 a6 4. a3 d5 5. exd5 exd5 6. d4 Nf6 7. Bg5 cxd4 8. Qxd4 Be7 9. 0-0-0 Be6 10. Bd3 Nc6 11. Qf4 h6 12. Bxf6 Bxf6 13. Rhe1 0-0 14. Ne2 Qb6 15. c3 Rac8 16. Kb1 Ne7 17. Nfd4 Bd7 18. Bc2 Ng6 19. Bxg6 fxg6 20. Qg3 Kh7 21. Nf4 Bg5 22. Nxd5 Qc5 23. Ne3 Bf4 24. Qf3 Bxh2 25. Qxb7 Rc7 26. Qd5 Rxf2 27. Qxc5 Rxc5 28. Nf3 Ba4 29. Rd4 Bg3 30. Rf1 Bc6 31. Rg4 Rxf1+ 32. Nxf1 Bb8 33. N1d2 Bd7 34. Rb4 Bd6 35. Rd4 Bf5+ 36. Kc1 Be7 37. Ne4 Rc6 38. Ng3 Bc8 39. Kc2 Rf6 40. c4 Bc5 41. Re4 Bf2 42. Nh1 Bf5 43. Nxf2 Bxe4+ 44. Nxe4 Rc6 45. c5 g5 46. b4 g4 47. Ne5 Re6 48. c6 Rxe5 49. c7 Re8 50. Nd6 Rf8 51. c8Q Rxc8+ 52. Nxc8 h5 53. Kd3 Kg6 54. Ke3 Kf6 55. Nd6 g5 56. Ne4+ Kf5 57. Ng3+ Kg6 58. Nxh5 Kxh5 59. g3 Kg6 60. Ke4 Kf6 61. a4 Ke6 62. b5 axb5 63. axb5 Kd6 64. Kf5 Kc5 65. Kxg5 Kxb5 66. Kxg4 Kc5 67. Kf5 1-0

[Event "BRA-ch 87th"]
[Site "Cuiaba"]
[Date "2021.11.04"]
[Round "11"]
[White "Kruger, Israel"]
[Black "Piccoli, Lucas Fonseca"]
[Result "0-1"]
[WhiteElo "1882"]
[BlackElo "2075"]
[PlyCount "76"]
[EventDate "2021.10.28"]
[EventType "swiss"]
[EventRounds "11"]
[EventCountry "BRA"]
[SourceTitle "CBM 205 Extra"]
[Source "ChessBase"]
[SourceDate "2022.01.31"]
[SourceVersion "1"]
[SourceVersionDate "2022.01.31"]
[SourceQuality "1"]

1. e4 c6 2. Nf3 d5 3. d3 Bg4 4. Be2 e6 5. 0-0 Nd7 6. Nbd2 Ne7 7. Re1 g6 8. a4 Bg7 9. Nf1 0-0 10. c3 h6 11. h3 Bxf3 12. Bxf3 Qc7 13. Be3 Rae8 14. a5 a6 15. Nh2 Kh7 16. d4 f5 17. e5 c5 18. Qa4 Nc6 19. Rec1 h5 20. Qd1 f4 21. Bd2 Rf5 22. b4 c4 23. g4 fxg3 24. fxg3 Ndxe5 25. dxe5 Bxe5 26. Bg2 Bxg3 27. Nf3 Ne5 28. Ng5+ Kg8 29. Qe2 Bh4 30. Nxe6 Rxe6 31. Bxd5 Nf3+ 32. Kh1 Rxd5 33. Qxe6+ Kh7 34. Bf4 Qxf4 35. Rc2 Re5 36. Qd7+ Re7 37. Qc8 Ne1 38. Rb2 Qf1+ 0-1

[Event "BRA-ch 87th"]
[Site "Cuiaba"]
[Date "2021.10.29"]
[Round "2"]
[White "Kruger, Israel"]
[Black "Lage, Pedro Ferreira"]
[Result "0-1"]
[WhiteElo "1882"]
[BlackElo "2144"]
[PlyCount "62"]
[EventDate "2021.10.28"]
[EventType "swiss"]
[EventRounds "11"]
[EventCountry "BRA"]
[SourceTitle "CBM 205 Extra"]
[Source "ChessBase"]
[SourceDate "2022.01.31"]
[SourceVersion "1"]
[SourceVersionDate "2022.01.31"]
[SourceQuality "1"]

1. e4 e6 2. Nf3 d5 3. exd5 exd5 4. d4 Bd6 5. Bd3 Ne7 6. 0-0 Bg4 7. Re1 Nbc6 8. c3 Qd7 9. b4 0-0 10. Bg5 Ng6 11. Nbd2 f6 12. Bxg6 hxg6 13. Bh4 Ne7 14. Bg3 Nf5 15. Bxd6 Nxd6 16. Qc2 Bf5 17. Qb3 c6 18. Re3 Rfe8 19. Rae1 Rxe3 20. Rxe3 Re8 21. c4 Rxe3 22. fxe3 dxc4 23. Qc3 b5 24. h3 Qe6 25. Kf2 Bd3 26. Ne1 Nf5 27. e4 Bxe4 28. Nxe4 Qxe4 29. Nf3 g5 30. a4 a6 31. axb5 axb5 0-1

[Event "Sao Jose dos Campos op 3rd"]
[Site "Sao Jose dos Campos"]
[Date "2021.08.22"]
[Round "5"]
[White "Kruger, Israel"]
[Black "Jorge, Denrick Cabral Jose"]
[Result "0-1"]
[WhiteElo "1882"]
[BlackElo "1902"]
[PlyCount "60"]
[EventDate "2021.08.21"]
[EventType "swiss"]
[EventRounds "5"]
[EventCountry "BRA"]
[SourceTitle "CBM 204 Extra"]
[Source "ChessBase"]
[SourceDate "2021.11.30"]
[SourceVersion "1"]
[SourceVersionDate "2021.11.30"]
[SourceQuality "1"]

1. g3 e5 2. Bg2 d5 3. d3 Nc6 4. a3 Be6 5. b4 a6 6. Nd2 g6 7. Bb2 Bg7 8. Rc1 Nge7 9. c4 0-0 10. Ngf3 e4 11. Bxg7 exf3 12. Bxf8 fxg2 13. Rg1 Qxf8 14. Rxg2 Re8 15. b5 Nd4 16. e3 Bh3 17. Rg1 Nef5 18. Nb1 h5 19. Kd2 Bg4 20. Qa4 Nf3+ 21. Kc2 Nxg1 22. Rxg1 dxc4 23. dxc4 axb5 24. Qxb5 Nd6 25. Qb4 c5 26. Qc3 b5 27. f3 Bxf3 28. Rf1 Be4+ 29. Kc1 Bxb1 30. Kxb1 Nxc4 0-1

[Event "Sao Jose dos Campos op 3rd"]
[Site "Sao Jose dos Campos"]
[Date "2021.08.21"]
[Round "3"]
[White "Kruger, Israel"]
[Black "De Carvalho, Vitor Augusto Ponci"]
[Result "1/2-1/2"]
[WhiteElo "1882"]
[BlackElo "1683"]
[PlyCount "57"]
[EventDate "2021.08.21"]
[EventType "swiss"]
[EventRounds "5"]
[EventCountry "BRA"]
[SourceTitle "CBM 204 Extra"]
[Source "ChessBase"]
[SourceDate "2021.11.30"]
[SourceVersion "1"]
[SourceVersionDate "2021.11.30"]
[SourceQuality "1"]

1. e4 c5 2. Nf3 Nc6 3. d4 cxd4 4. Nxd4 e6 5. Be3 Qc7 6. Be2 a6 7. 0-0 Nf6 8. Bf3 Ne5 9. Nc3 Bb4 10. Nce2 Nxf3+ 11. Nxf3 d6 12. Qd3 Bd7 13. Rac1 Bc6 14. Ng3 Bc5 15. Rfd1 0-0 16. c4 Ng4 17. Bxc5 dxc5 18. h3 Ne5 19. Nxe5 Qxe5 20. b3 h5 21. Qe3 h4 22. f4 Qc7 23. Nf1 Rfd8 24. Nh2 Rxd1+ 25. Rxd1 Rd8 26. Rxd8+ Qxd8 27. Kf2 b6 28. a4 Qd7 29. Qe2 1/2-1/2

[Event "American Continental 15th"]
[Site "Sao Paulo"]
[Date "2019.07.11"]
[Round "9"]
[White "Andreata, Mauro Antonio"]
[Black "Kruger, Israel"]
[Result "0-1"]
[WhiteElo "1648"]
[BlackElo "1869"]
[PlyCount "154"]
[EventDate "2019.07.05"]
[EventType "swiss"]
[EventRounds "11"]
[EventCountry "BRA"]
[SourceTitle "CBM 191 Extra"]
[Source "ChessBase"]
[SourceDate "2019.09.30"]
[SourceVersion "1"]
[SourceVersionDate "2019.09.30"]
[SourceQuality "1"]

1. d4 g6 2. c4 Bg7 3. Nf3 d6 4. Nc3 Bg4 5. e4 Bxf3 6. gxf3 c5 7. Be3 cxd4 8. Bxd4 Nf6 9. f4 Nc6 10. Be3 Qa5 11. Qd2 Ng4 12. Bg2 Nxe3 13. fxe3 Bxc3 14. bxc3 Rc8 15. 0-0 Qc7 16. Bh3 Rd8 17. Rab1 b6 18. Rf2 0-0 19. Bf1 Na5 20. Qe2 Rc8 21. Rb4 e5 22. h4 h5 23. Rg2 Kh7 24. Rg5 Rh8 25. f5 Kg7 26. Qg2 Rh6 27. Be2 Rch8 28. Qg3 Kf8 29. Kh2 Rg8 30. f6 Nb7 31. Rb1 Nc5 32. Qf3 Qb7 33. Qg2 Qxe4 34. Rd1 Qxh4+ 35. Kg1 Ne4 36. Rxe5 Nxf6 37. Rxd6 Kg7 38. Rd1 Rhh8 39. c5 Re8 40. Rxe8 Rxe8 41. c6 Rc8 42. Bf3 Ng4 43. Bxg4 Qxg4 44. Qxg4 hxg4 45. Rd6 Kh6 46. Rf6 Rc7 47. e4 Re7 48. Kf2 Rxe4 49. Rxf7 Rc4 50. Rxa7 Rxc6 51. Ra3 Kg5 52. Kg3 Rf6 53. Rb3 Rf3+ 54. Kg2 Rd3 55. a4 Kh4 56. Rxb6 Rxc3 57. Rxg6 Rc2+ 58. Kf1 Ra2 59. Rh6+ Kg3 60. Ra6 Ra1+ 61. Ke2 Kg2 62. Ra8 g3 63. a5 Ra2+ 64. Ke1 Ra4 65. a6 Ra1+ 66. Ke2 Ra2+ 67. Ke1 Ra1+ 68. Ke2 Kg1 69. a7 g2 70. Ke3 Re1+ 71. Kd2 Re7 72. Kd3 Rf7 73. Kc4 Kf2 74. Rg8 Rxa7 75. Rf8+ Ke1 76. Rg8 Ra2 77. Kd3 Kf1 0-1

[Event "BRA-ch Amateur U2000"]
[Site "Sao Paulo"]
[Date "2019.06.21"]
[Round "3"]
[White "Kruger, Israel"]
[Black "Krongold, Breno"]
[Result "1-0"]
[WhiteElo "1902"]
[BlackElo "1647"]
[PlyCount "53"]
[EventDate "2019.06.20"]
[EventType "swiss"]
[EventRounds "7"]
[EventCountry "BRA"]
[SourceTitle "EXT 2020"]
[Source "ChessBase"]
[SourceDate "2019.10.17"]
[SourceVersion "1"]
[SourceVersionDate "2019.10.17"]
[SourceQuality "1"]

1. e4 c5 2. Nf3 Nc6 3. d4 cxd4 4. Nxd4 d6 5. c4 Nf6 6. Nc3 g6 7. f3 Bg7 8. Be3 0-0 9. Nc2 Be6 10. Qd2 Ne5 11. b3 a6 12. Be2 Bd7 13. Kf2 Qc7 14. Rag1 Rac8 15. Nb4 Bc6 16. g4 b5 17. g5 Ne8 18. f4 Qa5 19. Ncd5 Bxd5 20. Nxd5 Qd8 21. fxe5 dxe5 22. Bb6 Qd6 23. c5 Rxc5 24. Bxc5 Qxc5+ 25. Qe3 Qxe3+ 26. Kxe3 e6 27. Ne7+ 1-0

[Event "Florianopolis op 5th"]
[Site "Florianopolis"]
[Date "2019.01.23"]
[Round "4"]
[White "Kruger, Israel"]
[Black "Frattini, Beatriz Maria"]
[Result "1-0"]
[WhiteElo "1890"]
[BlackElo "1638"]
[PlyCount "103"]
[EventDate "2019.01.21"]
[EventType "swiss"]
[EventRounds "10"]
[EventCountry "BRA"]
[SourceTitle "CBM 188 Extra"]
[Source "ChessBase"]
[SourceDate "2019.02.26"]
[SourceVersion "1"]
[SourceVersionDate "2019.02.26"]
[SourceQuality "1"]

1. e4 c5 2. Nc3 a6 3. f4 e6 4. Nf3 b5 5. Qe2 Bb7 6. d3 Nf6 7. g3 Be7 8. Bg2 0-0 9. 0-0 d5 10. e5 Nfd7 11. Kh1 Nc6 12. Nd1 d4 13. Bd2 Nb6 14. Nf2 Nd5 15. Ne4 Qb6 16. g4 Rfd8 17. Nfg5 Ncb4 18. Bc1 Bxg5 19. Nxg5 Ne3 20. Bxe3 Bxg2+ 21. Kxg2 dxe3 22. a3 Nd5 23. c3 Ra7 24. Kg3 Rad7 25. Rad1 a5 26. Nf3 c4 27. Nd4 Qc5 28. dxc4 bxc4 29. a4 Nb6 30. Qxe3 Nxa4 31. Rd2 Rb8 32. Rff2 Rdb7 33. Qe4 g6 34. Nc6 Rc8 35. Nd4 Rcb8 36. Nc6 Rc8 37. Nxa5 Rxb2 38. Rxb2 Nxb2 39. Rxb2 Qxa5 40. Qd4 Qa1 41. Rd2 Qe1+ 42. Kg2 Kg7 43. Qf2 Qa1 44. Qe3 Ra8 45. f5 exf5 46. gxf5 gxf5 47. Qg5+ Kh8 48. Qf6+ Kg8 49. e6 fxe6 50. Kh3 Qf1+ 51. Rg2+ Qxg2+ 52. Kxg2 1-0

[Event "Florianopolis op 5th"]
[Site "Florianopolis"]
[Date "2019.01.22"]
[Round "2"]
[White "Kruger, Israel"]
[Black "Filgueiras, Nathan Felipe"]
[Result "1/2-1/2"]
[WhiteElo "1890"]
[BlackElo "2161"]
[PlyCount "150"]
[EventDate "2019.01.21"]
[EventType "swiss"]
[EventRounds "10"]
[EventCountry "BRA"]
[SourceTitle "CBM 188 Extra"]
[Source "ChessBase"]
[SourceDate "2019.02.26"]
[SourceVersion "1"]
[SourceVersionDate "2019.02.26"]
[SourceQuality "1"]

1. e4 c5 2. Nf3 Nc6 3. d4 cxd4 4. Nxd4 Nf6 5. Nxc6 bxc6 6. Bd3 d6 7. c4 g6 8. Nc3 Bg7 9. Bg5 h6 10. Be3 Ng4 11. Bf4 Qb6 12. Qd2 0-0 13. 0-0 g5 14. Bg3 Ne5 15. Rac1 Rb8 16. b3 Rd8 17. Bb1 Ba6 18. Kh1 Ng6 19. Ne2 e5 20. f3 Qb7 21. Rfd1 Nf4 22. Nc3 Ne6 23. Bf2 Nd4 24. Ne2 Nxe2 25. Qxe2 d5 26. exd5 cxd5 27. Qc2 d4 28. Qh7+ Kf8 29. Be4 Qe7 30. c5 Rdc8 31. c6 Rb6 32. Qf5 Qe6 33. Qxe6 fxe6 34. Be1 Kf7 35. Ba5 Rb5 36. b4 Bf8 37. Rb1 Bd6 38. a4 Rxa5 39. bxa5 Bc7 40. Kg1 Ke7 41. Kf2 Bxa5 42. Rb3 Kd6 43. Rc1 h5 44. h3 h4 45. Rc2 Bb6 46. Ke1 Ba5+ 47. Kf2 Bb6 48. Ke1 Ba5+ 49. Kd1 Bb6 50. Kd2 Kc7 51. Kc1 Rd8 52. a5 Bxa5 53. Ra3 Kb6 54. Rb2+ Bb5 55. Rba2 Bb4 56. Rxa7 d3 57. Rb7+ Kc5 58. Bxd3 Rxd3 59. c7 Rc3+ 60. Rc2 Rxc2+ 61. Kxc2 Bd7 62. c8Q+ Bxc8 63. Rc7+ Kd4 64. Rxc8 Be1 65. Kd1 Bg3 66. Ke2 e4 67. fxe4 Kxe4 68. Rc4+ Kf5 69. Kf3 Bf4 70. Rc5+ e5 71. Rc4 Bg3 72. Ra4 Bf4 73. Ra8 e4+ 74. Ke2 Ke5 75. Ra5+ Kd4 1/2-1/2

[Event "Parana-ch"]
[Site "Curitiba"]
[Date "2018.11.24"]
[Round "4"]
[White "Kruger, Israel"]
[Black "Rosa, Jefferson Luiz"]
[Result "1-0"]
[WhiteElo "1877"]
[BlackElo "1492"]
[PlyCount "37"]
[EventDate "2018.11.22"]
[EventType "swiss"]
[EventRounds "7"]
[EventCountry "BRA"]
[SourceTitle "CBM 187 Extra"]
[Source "ChessBase"]
[SourceDate "2018.11.04"]
[SourceVersion "1"]
[SourceVersionDate "2018.11.04"]
[SourceQuality "1"]

1. d4 Nf6 2. Bf4 g6 3. h3 e6 4. Nd2 d5 5. e3 Bd6 6. Bh6 Ng8 7. Bg7 Kd7 8. Bxh8 f6 9. g4 g5 10. h4 h6 11. hxg5 fxg5 12. Qf3 Qe7 13. Bd3 Nc6 14. 0-0-0 b6 15. Bb5 Ba3 16. Bxc6+ Kxc6 17. e4 Ba6 18. exd5+ exd5 19. Qxa3 1-0

[Event "Rio de Janeiro Duchamp op 2nd"]
[Site "Rio de Janeiro"]
[Date "2018.11.16"]
[Round "3"]
[White "Almeida, Gianluca Jorio"]
[Black "Kruger, Israel"]
[Result "1-0"]
[WhiteElo "2109"]
[BlackElo "1877"]
[PlyCount "81"]
[EventDate "2018.11.14"]
[EventType "swiss"]
[EventRounds "9"]
[EventCountry "BRA"]
[SourceTitle "CBM 187 Extra"]
[Source "ChessBase"]
[SourceDate "2018.11.04"]
[SourceVersion "1"]
[SourceVersionDate "2018.11.04"]
[SourceQuality "1"]

1. c4 e5 2. Nc3 Nc6 3. g3 f5 4. Bg2 Nf6 5. e3 Bb4 6. Nge2 Bxc3 7. Nxc3 0-0 8. 0-0 d6 9. d4 Qe8 10. Nd5 Qf7 11. b3 Kh8 12. Bb2 e4 13. f3 Nxd5 14. cxd5 exf3 15. Qxf3 Ne7 16. Rac1 c6 17. dxc6 bxc6 18. Ba3 Ba6 19. Rf2 Rad8 20. e4 Qe6 21. d5 Qd7 22. Qh5 cxd5 23. exd5 Bb7 24. Rd2 Qb5 25. Bb2 Nxd5 26. Qf3 Rc8 27. Rxd5 Rxc1+ 28. Bxc1 Bxd5 29. Qxd5 Qxd5 30. Bxd5 Rc8 31. Be3 a5 32. a4 h6 33. h4 Rc3 34. Kf2 Kh7 35. Ke2 g5 36. hxg5 hxg5 37. Kd2 Rc7 38. Bxg5 Rc5 39. Bc4 d5 40. Be3 Rc8 41. Bd3 1-0

[Event "Caioba Telecom op"]
[Site "Caioba"]
[Date "2018.08.03"]
[Round "6"]
[White "Calcado, Acyr Rogerio"]
[Black "Kruger, Israel"]
[Result "1-0"]
[WhiteElo "2090"]
[BlackElo "1902"]
[PlyCount "59"]
[EventDate "2018.08.01"]
[EventType "swiss"]
[EventRounds "9"]
[EventCountry "BRA"]
[SourceTitle "CBM 186 Extra"]
[Source "ChessBase"]
[SourceDate "2018.08.24"]
[SourceVersion "1"]
[SourceVersionDate "2018.08.24"]
[SourceQuality "1"]

1. e4 c5 2. Nf3 g6 3. d4 cxd4 4. Nxd4 Bg7 5. Nc3 Nc6 6. Be3 Qa5 7. a3 Nf6 8. Nb3 Qc7 9. Be2 a6 10. 0-0 0-0 11. f4 e6 12. e5 Ne8 13. Bc5 b6 14. Bxf8 Bxf8 15. Qd2 d5 16. Kh1 Bb7 17. Bf3 Rc8 18. Ne2 Ng7 19. Nbd4 Nxd4 20. Nxd4 a5 21. Be2 Bc5 22. c3 Qe7 23. b4 Bxd4 24. cxd4 Qh4 25. Rac1 Rc4 26. Bxc4 dxc4 27. Rxc4 Nf5 28. Kg1 Qg4 29. h3 Qg3 30. Rc3 1-0

[Event "Curitiba op"]
[Site "Curitiba"]
[Date "2018.02.25"]
[Round "5"]
[White "Dias, Anderson Tatsch"]
[Black "Kruger, Israel"]
[Result "1/2-1/2"]
[WhiteElo "2203"]
[BlackElo "1922"]
[PlyCount "97"]
[EventDate "2018.02.23"]
[EventType "swiss"]
[EventRounds "6"]
[EventCountry "BRA"]
[SourceTitle "CBM 183 Extra"]
[Source "ChessBase"]
[SourceDate "2018.04.19"]
[SourceVersion "1"]
[SourceVersionDate "2018.04.19"]
[SourceQuality "1"]

1. d4 c5 2. d5 e5 3. e4 d6 4. Nc3 Be7 5. Nf3 a6 6. a4 b6 7. h3 h6 8. Bd3 Bg5 9. 0-0 Bxc1 10. Qxc1 Nf6 11. Qe3 g5 12. Nh2 Nbd7 13. Ne2 Nf8 14. Ng3 Ng6 15. Nf5 Bxf5 16. exf5 Nf4 17. c4 Nxd3 18. Qxd3 a5 19. g3 Qd7 20. Rfe1 0-0-0 21. Kg2 Kb7 22. Ng4 Nxg4 23. hxg4 h5 24. gxh5 Rxh5 25. Qe4 Rdh8 26. b3 f6 27. Kf3 Qh7 28. Qg4 Rh2 29. Rg1 Qe7 30. Rae1 R8h5 31. Ke3 Qh7 32. Ke2 Kc7 33. Ke3 Kd7 34. Ke2 Ke7 35. Ke3 Kf7 36. Ke2 R5h3 37. Ref1 Qh6 38. Kf3 Qh4 39. Qe4 Qxe4+ 40. Kxe4 g4 41. Ke3 Kg7 42. Rb1 Kh6 43. Rb2 Kg5 44. Ke4 Rh1 45. Rbb1 Rxg1 46. Rxg1 Rh2 47. Rf1 Rg2 48. Ke3 Rh2 49. Ke4 1/2-1/2

[Event "Curitiba op"]
[Site "Curitiba"]
[Date "2018.02.23"]
[Round "2"]
[White "Di Berardino, Diego Rafael"]
[Black "Kruger, Israel"]
[Result "1-0"]
[WhiteElo "2516"]
[BlackElo "1922"]
[PlyCount "53"]
[EventDate "2018.02.23"]
[EventType "swiss"]
[EventRounds "6"]
[EventCountry "BRA"]
[SourceTitle "CBM 183 Extra"]
[Source "ChessBase"]
[SourceDate "2018.04.19"]
[SourceVersion "1"]
[SourceVersionDate "2018.04.19"]
[SourceQuality "1"]

1. e4 d6 2. d4 Nf6 3. Nc3 c6 4. f4 Bg4 5. Be2 Bxe2 6. Qxe2 e6 7. Nf3 Nbd7 8. e5 dxe5 9. fxe5 Nd5 10. Ne4 Qb6 11. 0-0 Nxe5 12. Nxe5 Qxd4+ 13. Nf2 Bd6 14. Nf3 Qb6 15. Kh1 0-0-0 16. Ne4 Bf4 17. Nfg5 Bxc1 18. Raxc1 f5 19. Ng3 Rhe8 20. Nf7 Ne3 21. Rf3 Rd5 22. Rxe3 Qxb2 23. Rf1 Rf8 24. Ng5 f4 25. Rxe6 Rxg5 26. Re8+ Kc7 27. Rxf8 1-0